La revolución científica de los siglos XVI y XVII

Saved in:
Bibliografiske detaljer
Main Authors: Baig, Antoni (Author), Agustench, Montserrat (Author)
Format: Bog
Sprog:spansk
Udgivet: Madrid Alhambra 1987
Udgivelse:1a. ed
Serier:Biblioteca de Recursos Didácticos Alhambra
Fag:
Tags: Tilføj Tag
Ingen Tags, Vær først til at tagge denne postø!

MARC

LEADER 00000nam a2200000 a 4500
001 UCH1082
003 CL-VaPUC
008 090409e19870000SP |||||||||||||||||spa|d
020 |a 8420515337 
082 0 4 |a 520  |b BAI  |2 21 
100 0 |a Baig, Antoni  |e author  |9 535424 
700 0 |a Agustench, Montserrat  |e author  |9 535425 
245 1 3 |a La revolución científica de los siglos XVI y XVII 
250 |a 1a. ed 
300 |a 200 p 
942 |c BK 
945 |d 20090409 00:00:00  |a rbrito 
260 |a Madrid  |b Alhambra  |c 1987 
600 0 |a Galilei, Galileo  |9 264973 
600 0 |a Copérnico, Nicolás  |9 269241 
650 0 |a Astronomía  |y Siglos 16-17   |9 535426 
650 0 |a Cosmología  |9 269138 
583 |a last modification  |c 20090409 00:00:00  |k Rodrigo Vera 
490 0 |a Biblioteca de Recursos Didácticos Alhambra 
999 |c 333161  |d 333159 
952 |0 0  |1 0  |4 0  |6 520_000000000000000_BAI_1987  |7 0  |8 A  |9 421364  |a BIBCUR  |b BIBCUR  |d 2019-11-22  |i 4532791  |o 520 BAI 1987  |p 4532791  |r 2025-04-22  |w 2019-11-22  |y BK  |k FIS